[Event "Sicilian Najdorf"]
[Site "SchemingMind.com"]
[Date "2009.05.25"]
[Round "-"]
[White "griffimv"]
[Black "goodknight"]
[Result "1/2-1/2"]
[WhiteCountry "INT"]
[BlackCountry "POL"]
[WhiteElo "2392"]
[WhiteRD "88"]
[BlackElo "2245"]
[BlackRD "84"]
[GameID "205440"]

1. e4 c5 2. Nf3 d6 3. d4 cxd4 4. Nxd4 Nf6 5. Nc3 a6 6. Be3 e5 7. Nb3 Be6 8. f3 Be7 9. Qd2 O-O 10. O-O-O Nbd7
11. g4 b5 12. g5 b4 13. Ne2 Ne8 14. f4 a5 15. f5 a4 16. fxe6 axb3 17. exf7+ Rxf7 18. cxb3 Rxa2 19. Ng3 Rxf1 20. Rhxf1 Ra1+
21. Kc2 Qc8+ 22. Kd3 Qa6+ 23. Kc2 Qc6+=
1/2-1/2

[Event "Sicilian Najdorf"]
[Site "SchemingMind.com"]
[Date "2009.05.25"]
[Round "-"]
[White "goodknight"]
[Black "griffimv"]
[Result "0-1"]
[WhiteCountry "POL"]
[BlackCountry "INT"]
[WhiteElo "2245"]
[WhiteRD "84"]
[BlackElo "2392"]
[BlackRD "88"]
[GameID "205441"]

1. e4 c5 2. Nf3 d6 3. d4 cxd4 4. Nxd4 Nf6 5. Nc3 a6 6. Be3 e5 7. Nb3 Be6 8. f3 Be7 9. Qd2 O-O 10. O-O-O Nbd7
11. g4 b5 12. g5 b4 13. Ne2 Ne8 14. f4 a5 15. f5 Bxb3 16. cxb3 a4 17. bxa4 Rxa4 18. b3 Ra5 19. Kb1 d5 20. f6 Bc5
21. fxg7 Nxg7 22. exd5 Qb6 23. Bxc5 Nxc5 24. Qc2 e4 25. Ng3 Rfa8 26. Bc4 Rxa2 27. Qxa2 Rxa2 28. Kxa2 Ne8 29. Nf5 Nb7 30. Rhf1 Nbd6
31. Kb1 Nxf5 32. Rxf5 Nd6 33. Rf6 Qc5 34. Rff1 Qe3 35. Rfe1 Qf4 36. h4 Qxh4 37. Rh1 Qg3 38. Rhg1 Qe5 39. Rg2 Kg7 40. Rgg1 e3
41. Rge1 Qe4+ 42. Bd3 Qxd5 43. Bc2 Qe5 44. Rxd6 Qxd6 45. Rxe3 Qf4 46. Re4 Qxg5 47. Rxb4 h5 48. Be4 Qg1+ 49. Ka2 h4
0-1

[Event "Sicilian Najdorf"]
[Site "SchemingMind.com"]
[Date "2009.05.29"]
[Round "-"]
[White "joopsim"]
[Black "griffimv"]
[Result "1-0"]
[WhiteCountry "NED"]
[BlackCountry "INT"]
[WhiteElo "2352"]
[WhiteRD "78"]
[BlackElo "2392"]
[BlackRD "88"]
[GameID "205903"]

1. e4 c5 2. Nf3 d6 3. d4 cxd4 4. Nxd4 Nf6 5. Nc3 a6 6. Be3 e5 7. Nf3 Be7 8. Bc4 O-O 9. O-O Nc6 10. Qe2 Na5
11. Bd3 h6 12. Nd5 Nxd5 13. exd5 f5 14. b4 e4 15. Bd2 Bf6 16. Rae1 Bd7 17. bxa5 Qc7 18. c4 Rac8 19. Rc1 exd3 20. Qxd3 Rfe8
21. Bb4 b5 22. axb6 Qxb6 23. Rb1 Qc7 24. Nd2 Rb8 25. Qa3 Be5 26. h3 a5 27. Bxa5 Qa7 28. Nf3 Bf4 29. Rxb8 Rxb8 30. Re1 Ra8
31. Qb2 Kf7 32. Bb4 Qb6 33. a3 Rc8 34. Qc2 g6 35. Qb3 Rb8 36. Qc3 Rc8 37. Re6 Bxe6 38. dxe6+ Kxe6 39. Qg7 Be3 40. Qxg6+ Ke7
41. Ne5 Rf8 42. Qg7+ Ke6 43. Qxf8 Bxf2+ 44. Kf1 Kxe5 45. Qxd6+ Qxd6 46. Bxd6+ Kxd6 47. Kxf2
1-0

[Event "Sicilian Najdorf"]
[Site "SchemingMind.com"]
[Date "2009.05.27"]
[Round "-"]
[White "joopsim"]
[Black "goodknight"]
[Result "1-0"]
[WhiteCountry "NED"]
[BlackCountry "POL"]
[WhiteElo "2399"]
[WhiteRD "85"]
[BlackElo "2262"]
[BlackRD "107"]
[GameID "205904"]

1. e4 c5 2. Nf3 d6 3. d4 cxd4 4. Nxd4 Nf6 5. Nc3 a6 6. Be3 e5 7. Nf3 Be7 8. Bc4 O-O 9. O-O Be6 10. Qe2 Nc6
11. Rfd1 Rc8 12. Bb3 Nd7 13. Bd5 b5 14. a4 b4 15. Na2 Qa5 16. Qd2 Nf6 17. b3 Bd7 18. Rac1 Rb8 19. c3 Nxd5 20. exd5 bxc3
21. Rxc3 Nd8 22. Rdc1 Rb7 23. Rc4 Qxd2 24. Nxd2 f5 25. Rc7 Re8 26. Rxb7 Nxb7 27. Rc7 Bc8 28. Nb4 f4 29. Bb6 Nc5 30. Nc6 Bf8
31. Bxc5 dxc5 32. Nc4 e4 33. d6 Be6 34. d7
1-0

[Event "Sicilian Najdorf"]
[Site "SchemingMind.com"]
[Date "2009.05.29"]
[Round "-"]
[White "griffimv"]
[Black "joopsim"]
[Result "1-0"]
[WhiteCountry "INT"]
[BlackCountry "NED"]
[WhiteElo "2392"]
[WhiteRD "88"]
[BlackElo "2352"]
[BlackRD "78"]
[GameID "205905"]

1. e4 c5 2. Nf3 d6 3. d4 cxd4 4. Nxd4 Nf6 5. Nc3 a6 6. Be3 e6 7. f3 Be7 8. Qd2 Nc6 9. O-O-O O-O 10. g4 Nd7
11. h4 Nde5 12. Qg2 b5 13. Nxc6 Nxc6 14. g5 b4 15. Na4 Rb8 16. h5 f6 17. g6 h6 18. f4 Qa5 19. b3 f5 20. e5 Qc7
21. exd6 Bxd6 22. Qd2 Rd8 23. Qf2 Qe7 24. Bg2 Bb7 25. Nc5 Na5 26. Nxb7 Nxb7 27. Rhe1 Rdc8 28. Qe2 Nc5 29. Kb1 a5 30. Rd2 Kh8
31. Red1 Bc7 32. Qf2 Bb6 33. Rd6 Ba7 34. Bc6 Rxc6 35. Rxc6 Ne4 36. Bxa7
1-0

[Event "Sicilian Najdorf"]
[Site "SchemingMind.com"]
[Date "2009.05.27"]
[Round "-"]
[White "goodknight"]
[Black "joopsim"]
[Result "1-0"]
[WhiteCountry "POL"]
[BlackCountry "NED"]
[WhiteElo "2245"]
[WhiteRD "84"]
[BlackElo "2352"]
[BlackRD "78"]
[GameID "205906"]

1. e4 c5 2. Nf3 d6 3. d4 cxd4 4. Nxd4 Nf6 5. Nc3 a6 6. Be3 e6 7. f3 Be7 8. Qd2 Nc6 9. O-O-O O-O 10. g4 Nd7
11. h4 Nde5 12. Qf2 b5 13. Nxc6 Nxc6 14. f4 b4 15. Na4 Qa5 16. b3 Qc7 17. g5 Bb7 18. Rg1 Kh8 19. h5 Rae8 20. Bc4 Bd8
21. Qd2 Na5 22. Qxb4 Nxc4 23. Qxc4 Qxc4 24. bxc4 e5 25. fxe5 Rxe5 26. Bf4 Ra5 27. Bxd6 Re8 28. Nc5 Ba8 29. Rg3 Bb6 30. Nd7 Bd8
31. e5 Rxa2 32. Kb1 Ra4 33. Rf1 Rxc4 34. Rxf7 Bd5 35. g6 hxg6 36. hxg6 Kg8 37. e6 Re4 38. Rd3 R4xe6 39. Rxd5 Rxg6 40. Rf3 Bh4
41. Ka2 Rd8 42. Be5 Be7 43. c4 Rg5 44. Rg3 Rxg3 45. Bxg3 Kf7 46. Nb8 Rc8 47. Kb3 Rh8 48. Ka4 Rc8 49. Rd4 Bf6 50. Re4 Kg6
51. Nxa6 Kf5 52. Rf4+ Kg5 53. Kb5
1-0

[Event "Sicilian Najdorf"]
[Site "SchemingMind.com"]
[Date "2009.06.02"]
[Round "-"]
[White "badbishop"]
[Black "griffimv"]
[Result "1/2-1/2"]
[WhiteCountry "POL"]
[BlackCountry "INT"]
[WhiteElo "2248"]
[WhiteRD "76"]
[BlackElo "2400"]
[BlackRD "83"]
[GameID "206367"]

1. e4 c5 2. Nf3 d6 3. d4 cxd4 4. Nxd4 Nf6 5. Nc3 a6 6. f4 e5 7. Nf3 Nbd7 8. a4 Be7 9. Bc4 Qa5 10. Qe2 O-O
11. O-O exf4 12. Bxf4 Ne5 13. Nd5 Nxd5 14. Bxd5 Be6 15. Bd2 Qb6+ 16. Qe3 Qxe3+ 17. Bxe3 Bxd5 18. exd5 Bf6 19. Nxe5 Bxe5 20. c3 Rfe8
21. Bb6=
1/2-1/2

[Event "Sicilian Najdorf"]
[Site "SchemingMind.com"]
[Date "2009.06.02"]
[Round "-"]
[White "badbishop"]
[Black "joopsim"]
[Result "1/2-1/2"]
[WhiteCountry "POL"]
[BlackCountry "NED"]
[WhiteElo "2287"]
[WhiteRD "80"]
[BlackElo "2352"]
[BlackRD "78"]
[GameID "206368"]

1. e4 c5 2. Nf3 d6 3. d4 cxd4 4. Nxd4 Nf6 5. Nc3 a6 6. f4 g6 7. Nf3 Bg7 8. Bd3 O-O 9. O-O Nc6 10. Qe1 b5
11. Qh4 Nb4 12. a3 Nxd3 13. cxd3 Rb8 14. f5 b4 15. axb4 Rxb4 16. Kh1 gxf5 17. Bh6 fxe4 18. dxe4 Bxh6 19. Qxh6 Ng4 20. Qd2 e6
21. h3 Ne5 22. Nxe5 dxe5 23. Nd5 Rd4 24. Qf2 exd5 25. Qg3+ Bg4 26. Qxg4+ Kh8 27. Qh5 Rxe4 28. Rxf7 Rxf7 29. Qxf7 Rf4=
1/2-1/2

[Event "Sicilian Najdorf"]
[Site "SchemingMind.com"]
[Date "2009.05.29"]
[Round "-"]
[White "badbishop"]
[Black "goodknight"]
[Result "1/2-1/2"]
[WhiteCountry "POL"]
[BlackCountry "POL"]
[WhiteElo "2287"]
[WhiteRD "80"]
[BlackElo "2245"]
[BlackRD "84"]
[GameID "206369"]

1. e4 c5 2. Nf3 d6 3. d4 cxd4 4. Nxd4 Nf6 5. Nc3 a6 6. f4 e5 7. Nf3 Nbd7 8. a4 Be7 9. Bc4 O-O 10. O-O Qb6+
11. Kh1 exf4 12. a5 Qc7 13. Bd5 Ne5 14. Bxf4 Nc4 15. Bxc4 Qxc4 16. Bxd6 Bxd6 17. Qxd6 Nxe4 18. Nxe4 Qxe4 19. Qd2 Be6 20. Rae1 Qd5
21. Nd4 Rad8 22. Rf4 Rfe8 23. b4 f6 24. c3 Bf7 25. Rxe8+ Rxe8=
1/2-1/2

[Event "Sicilian Najdorf"]
[Site "SchemingMind.com"]
[Date "2009.06.02"]
[Round "-"]
[White "griffimv"]
[Black "badbishop"]
[Result "1-0"]
[WhiteCountry "INT"]
[BlackCountry "POL"]
[WhiteElo "2382"]
[WhiteRD "78"]
[BlackElo "2224"]
[BlackRD "72"]
[GameID "206370"]

1. e4 c5 2. Nf3 d6 3. d4 cxd4 4. Nxd4 Nf6 5. Nc3 a6 6. Be3 e6 7. f3 b5 8. g4 h6 9. Qd2 b4 10. Nce2 e5
11. Nb3 Nc6 12. Ng3 Be6 13. O-O-O Qc7 14. Qf2 Na5 15. Kb1 Nc4 16. Bxc4 Qxc4 17. Nf5 a5 18. Nxd6+ Bxd6 19. Rxd6 a4 20. Nc1 O-O
21. Rhd1 Rfc8 22. Rb6 b3 23. axb3 axb3 24. Rxb3 Qa4 25. Ra3 Qb5 26. Bc5 Nd7 27. Nd3 Rxa3 28. Bxa3 Nb6 29. h4 Nc4 30. Qa7
1-0

[Event "Sicilian Najdorf"]
[Site "SchemingMind.com"]
[Date "2009.06.02"]
[Round "-"]
[White "joopsim"]
[Black "badbishop"]
[Result "1-0"]
[WhiteCountry "NED"]
[BlackCountry "POL"]
[WhiteElo "2318"]
[WhiteRD "80"]
[BlackElo "2248"]
[BlackRD "76"]
[GameID "206371"]

1. e4 c5 2. Nf3 d6 3. d4 cxd4 4. Nxd4 Nf6 5. Nc3 a6 6. Rg1 b5 7. g4 Bb7 8. Bg2 Nfd7 9. Be3 e6 10. g5 Nb6
11. Qh5 g6 12. Qh3 Nc6 13. O-O-O Nc4 14. e5 d5 15. Nxc6 Bxc6 16. Ne4 Bg7 17. Nf6+ Bxf6 18. exf6 Qd6 19. Kb1 O-O-O 20. Rd3 Kb8
21. Rgd1 Rc8 22. Bc1 Bb7 23. Qg3 Qxg3 24. hxg3 Kc7 25. g4 Bc6 26. Bf4+ Kb7 27. c3 Nb6 28. Rh3 Rcd8 29. b3 Nd7 30. Bg3 Nc5
31. f3 Nd7 32. Rdh1 Nf8 33. Be5 Kc8 34. f4 Kd7 35. Kc2 Rc8 36. a3 Bb7 37. a4 bxa4 38. bxa4 Rc4 39. Kb3 Bc6 40. Ra1 Ba8
41. Bf1 Rc6 42. Bb5 axb5 43. axb5 Rb6 44. Rxa8 Rxb5+ 45. Kc2 Rb7 46. Rh1
1-0

[Event "Sicilian Najdorf"]
[Site "SchemingMind.com"]
[Date "2009.06.02"]
[Round "-"]
[White "goodknight"]
[Black "badbishop"]
[Result "1-0"]
[WhiteCountry "POL"]
[BlackCountry "POL"]
[WhiteElo "2254"]
[WhiteRD "71"]
[BlackElo "2224"]
[BlackRD "72"]
[GameID "206372"]

1. e4 c5 2. Nf3 d6 3. d4 cxd4 4. Nxd4 Nf6 5. Nc3 a6 6. Be3 e6 7. f3 b5 8. Qd2 Nbd7 9. g4 h6 10. O-O-O Bb7
11. h4 b4 12. Nb1 d5 13. Bh3 g5 14. exd5 Nxd5 15. hxg5 Nxe3 16. Qxe3 Qxg5 17. f4 Qd5 18. g5 Bc5 19. Rh2 Qe4 20. Qxe4 Bxe4
21. Re2 hxg5 22. Bxe6 fxe6 23. Rxe4 Nf6 24. Rxe6+ Kf7 25. fxg5 Bxd4 26. Re2 Rad8 27. Rf1 Rhe8 28. Rxe8 Rxe8 29. Nd2 Rg8 30. gxf6 Be3
31. Re1 Bf4 32. Kd1 Rd8 33. Re2 Kxf6 34. c3 bxc3 35. bxc3 Be5 36. Kc2 Rc8 37. Re3 Kf5 38. Rd3 Ke6 39. c4 Bf4 40. Kc3 Be5+
41. Kb4 Rb8+ 42. Kc5 Bf4 43. Nb3 Ke5 44. Rc3 Rh8 45. Kb6 Rb8+ 46. Ka7 Rf8 47. Rd3 a5 48. Rd5+
1-0

[Event "Sicilian Najdorf"]
[Site "SchemingMind.com"]
[Date "2009.06.07"]
[Round "-"]
[White "kiraly"]
[Black "griffimv"]
[Result "1-0"]
[WhiteCountry "INT"]
[BlackCountry "INT"]
[WhiteElo "2369"]
[WhiteRD "79"]
[BlackElo "2382"]
[BlackRD "78"]
[GameID "206981"]

1. e4 c5 2. Nf3 d6 3. d4 cxd4 4. Nxd4 Nf6 5. Nc3 a6 6. Be3 e5 7. Nb3 Be6 8. f3 Be7 9. Qd2 O-O 10. O-O-O Nbd7
11. g4 Qc7 12. g5 Nh5 13. Kb1 Rfc8 14. Qf2 b5 15. Nd5 Bxd5 16. Rxd5 Rcb8 17. h4 Nb6 18. Rd3 b4 19. Na5 Na4 20. Rd5 Nb6
21. Rd1 Nf4 22. Qe1 Na4 23. Nc4 Rb5 24. Rh2 Rc8 25. Ka1 Qb7 26. Nxd6 Bxd6 27. Bxb5 Qxb5 28. Rxd6 Ne6 29. Qe2 Qe8 30. Qxa6 Nec5
31. Qf1 Ne6 32. Rhd2 Nac5 33. R6d5 Nd4 34. Bxd4 exd4 35. R5xd4 Rb8 36. Qc4 Ne6 37. Rd6 Qe7 38. Rd7 Qe8 39. Ra7 Nf8 40. f4 g6
41. Kb1 Qe6 42. Qxe6 Nxe6 43. Rdd7 Rf8 44. f5 Nf4 45. Rab7 gxf5 46. exf5 Re8 47. a4 bxa3 48. Ka2 Rf8 49. bxa3 Nh5 50. Rd3 Rc8
51. Kb3 Kg7 52. Rdd7 Rf8 53. a4 Ng3 54. f6+ Kg6 55. a5
1-0

[Event "Sicilian Najdorf"]
[Site "SchemingMind.com"]
[Date "2009.06.02"]
[Round "-"]
[White "kiraly"]
[Black "joopsim"]
[Result "1-0"]
[WhiteCountry "INT"]
[BlackCountry "NED"]
[WhiteElo "2326"]
[WhiteRD "91"]
[BlackElo "2399"]
[BlackRD "85"]
[GameID "206982"]

1. e4 c5 2. Nf3 d6 3. d4 cxd4 4. Nxd4 Nf6 5. Nc3 a6 6. Be3 e6 7. f3 Be7 8. Qd2 Nc6 9. O-O-O O-O 10. Nxc6 bxc6
11. g4 Rb8 12. h4 Qa5 13. h5 d5 14. h6 g6 15. g5 Nh5 16. Kb1 Ba3 17. b3 e5 18. Ne2 Bb4 19. c3 Be7 20. Qb2 Rd8
21. Nc1 Be6 22. Bd3 Rd7 23. Rhg1 Rdb7 24. Bc2 Qc7 25. Nd3 a5 26. Bc5 Nf4 27. Bxe7 Nxd3 28. Qa3 Nb4 29. Bc5 Nxc2 30. Kxc2 a4
31. b4 Qd8 32. Kc1 f5 33. Qxa4 Qe8 34. Qc2 Ra8 35. a4 Qf7 36. Qh2 f4 37. Qc2 Qc7 38. Rge1 Bf7 39. Rd2 Re8 40. a5 Rb5
41. Qa4 Ra8 42. exd5 Rxc5 43. d6 Qd8 44. bxc5
1-0

[Event "Sicilian Najdorf"]
[Site "SchemingMind.com"]
[Date "2009.06.07"]
[Round "-"]
[White "kiraly"]
[Black "badbishop"]
[Result "1-0"]
[WhiteCountry "INT"]
[BlackCountry "POL"]
[WhiteElo "2369"]
[WhiteRD "79"]
[BlackElo "2224"]
[BlackRD "72"]
[GameID "206983"]

1. e4 c5 2. Nf3 d6 3. d4 cxd4 4. Nxd4 Nf6 5. Nc3 a6 6. Be3 e6 7. f3 b5 8. Bd3 Bb7 9. Qd2 Nbd7 10. O-O Be7
11. a4 b4 12. Na2 a5 13. c3 bxc3 14. Nxc3 O-O 15. Rfd1 Ne5 16. Bb5 Rc8 17. Rac1 Nc4 18. Bxc4 Rxc4 19. Ncb5 Rxc1 20. Rxc1 d5
21. e5 Bb4 22. Qf2 Ne8 23. Bd2 Bxd2 24. Qxd2 Qb6 25. b4 axb4 26. Qxb4 Qd8 27. f4 Ba6 28. Nc6 Qb6+ 29. Rc5 g6 30. Nbd4 Qxb4
31. Nxb4 Bc4 32. a5
1-0

[Event "Sicilian Najdorf"]
[Site "SchemingMind.com"]
[Date "2009.06.06"]
[Round "-"]
[White "kiraly"]
[Black "goodknight"]
[Result "1/2-1/2"]
[WhiteCountry "INT"]
[BlackCountry "POL"]
[WhiteElo "2342"]
[WhiteRD "88"]
[BlackElo "2245"]
[BlackRD "84"]
[GameID "206984"]

1. e4 c5 2. Nf3 d6 3. d4 cxd4 4. Nxd4 Nf6 5. Nc3 a6 6. Be3 e5 7. Nb3 Be6 8. f3 Be7 9. Qd2 O-O 10. O-O-O Nbd7
11. g4 b5 12. g5 b4 13. gxf6 bxc3 14. Qxc3 Nxf6 15. Na5 Qe8 16. Nc6 Rc8 17. Nxe7+ Qxe7 18. Qa5 Rc6 19. Rg1 Rfc8 20. c3 Nh5
21. Rg2 Qf6 22. Rf2 Nf4 23. Rfd2 Ng6 24. Be2 Bc4 25. Bxc4 Rxc4 26. Rf2 R4c6 27. Kb1 Nf4=
1/2-1/2

[Event "Sicilian Najdorf"]
[Site "SchemingMind.com"]
[Date "2009.06.07"]
[Round "-"]
[White "griffimv"]
[Black "kiraly"]
[Result "1-0"]
[WhiteCountry "INT"]
[BlackCountry "INT"]
[WhiteElo "2400"]
[WhiteRD "83"]
[BlackElo "2364"]
[BlackRD "84"]
[GameID "206985"]

1. e4 c5 2. Nf3 d6 3. d4 cxd4 4. Nxd4 Nf6 5. Nc3 a6 6. Be3 e6 7. f3 b5 8. g4 b4 9. Nce2 h6 10. Qd2 e5
11. Nb3 a5 12. Ng3 a4 13. Nc1 d5 14. Bb5+ Bd7 15. Bxd7+ Qxd7 16. g5 hxg5 17. Bxg5 Nc6 18. Bxf6 gxf6 19. Nf5 Rd8 20. Qxd5 Qxd5
21. exd5 Rxd5 22. Nd3 b3 23. axb3 axb3 24. Kd2 Rh3 25. Ra8+ Rd8 26. Rxd8+ Kxd8 27. Ra1 Kd7 28. cxb3 Rxf3 29. Ng3 Ke6 30. Ra4 Bh6+
31. Kc3 Kd5 32. b4 Bf8 33. Kd2 Kc4 34. b5+ Kxb5 35. Rh4 f5 36. Rh8 Bb4+ 37. Nxb4 Kxb4 38. Rf8 f4 39. Ne2 Kb5 40. Rxf7 Nb4
41. Rf5 Re3 42. Nxf4 Re4 43. Ng6 Nc6 44. h4 Nd4 45. Rxe5+ Rxe5 46. Nxe5 Nf5 47. h5 Kc5 48. Nf7 Kb4= 49. h6 Kb3= 50. h7 Kxb2
51. h8=Q+
1-0

[Event "Sicilian Najdorf"]
[Site "SchemingMind.com"]
[Date "2009.06.02"]
[Round "-"]
[White "joopsim"]
[Black "kiraly"]
[Result "1/2-1/2"]
[WhiteCountry "NED"]
[BlackCountry "INT"]
[WhiteElo "2399"]
[WhiteRD "85"]
[BlackElo "2326"]
[BlackRD "91"]
[GameID "206986"]

1. e4 c5 2. Nf3 d6 3. d4 cxd4 4. Nxd4 Nf6 5. Nc3 a6 6. Rg1 e5 7. Nb3 Be6 8. g4 d5 9. exd5 Nxd5 10. Nxd5 Qxd5
11. Qxd5 Bxd5 12. Be3 Nc6 13. O-O-O O-O-O 14. c4 Be4 15. Rxd8+ Kxd8 16. Bb6+ Kc8 17. Nd2 Bg6 18. h4 h5 19. g5 Bd6 20. Bh3+ Kb8
21. c5 Bc7 22. Bxc7+ Kxc7 23. Nc4 Nb4 24. Nxe5 Nxa2+ 25. Kd2 Rd8+ 26. Ke3 Nb4 27. f4 Bh7 28. g6 fxg6 29. Be6 Nc2+ 30. Kf2 Nd4
31. Bc4 Nf5 32. Nf3 Rf8 33. Be6 Ne7 34. Kg3 Rd8 35. Ne5 Nc6 36. Nf7 Re8 37. Ng5 Bg8 38. Bxg8= Rxg8 39. Re1 Kb8 40. Nf7 Nd4
41. b4 Nf5+ 42. Kh3 Rf8 43. Ne5 Rd8=
1/2-1/2

[Event "Sicilian Najdorf"]
[Site "SchemingMind.com"]
[Date "2009.06.03"]
[Round "-"]
[White "badbishop"]
[Black "kiraly"]
[Result "0-1"]
[WhiteCountry "POL"]
[BlackCountry "INT"]
[WhiteElo "2248"]
[WhiteRD "76"]
[BlackElo "2364"]
[BlackRD "84"]
[GameID "206987"]

1. e4 c5 2. Nf3 d6 3. d4 cxd4 4. Nxd4 Nf6 5. Nc3 a6 6. f4 g6 7. Nf3 Bg7 8. Bd3 O-O 9. O-O Nc6 10. Qe1 Bg4
11. Qh4 Bh5 12. f5 Bxf3 13. Rxf3 Ne5 14. Rf1 Qb6+ 15. Kh1 Rac8 16. Be2 h6 17. Qg3 g5 18. Rb1 Qc6 19. Bd3 b5 20. a3 Rfd8
21. Be3 Nc4 22. Bxc4 Qxc4 23. Rbe1 d5
0-1

[Event "Sicilian Najdorf"]
[Site "SchemingMind.com"]
[Date "2009.06.06"]
[Round "-"]
[White "goodknight"]
[Black "kiraly"]
[Result "0-1"]
[WhiteCountry "POL"]
[BlackCountry "INT"]
[WhiteElo "2236"]
[WhiteRD "70"]
[BlackElo "2364"]
[BlackRD "84"]
[GameID "206988"]

1. e4 c5 2. Nf3 d6 3. d4 cxd4 4. Nxd4 Nf6 5. Nc3 a6 6. Be3 e6 7. f3 b5 8. Qd2 b4 9. Nce2 e5 10. Nb3 Nc6
11. Ng3 Be6 12. O-O-O Be7 13. Nf5 Bxf5 14. exf5 O-O 15. g4 a5 16. g5 a4 17. Na1 Nh5 18. Rg1 a3 19. b3 Kh8 20. Bb5 Qc7
21. Rg4 Ra5 22. Bxc6 Qxc6 23. Qxb4 Qxf3 24. Qe4 Qxe4 25. Rxe4 Kg8 26. Rb4 Nf4 27. f6 gxf6 28. Rb7 Re8 29. gxf6 Bxf6 30. c4 d5
31. b4 Ra6 32. b5 Ra4 33. c5 d4 34. Bxf4 exf4 35. Rf1 d3 36. Nb3 Re2 37. Rb8+ Kg7 38. Rg1+ Kh6 39. Rb6 Rc4+ 40. Kd1 Re6
41. Rxe6 fxe6 42. Kd2 Rc2+ 43. Kxd3 Rxa2 44. c6 Rb2 45. Nd4 Be5 46. Ra1 a2 47. b6 Rxb6 48. Rxa2 Bxd4 49. Kxd4 Rxc6 50. Ke5 f3
51. Ra3 f2 52. Rf3 Rc2 53. Kxe6 Kg5 54. h3 h5
0-1

[Event "Sicilian Najdorf"]
[Site "SchemingMind.com"]
[Date "2009.06.08"]
[Round "-"]
[White "_keyes"]
[Black "griffimv"]
[Result "1-0"]
[WhiteCountry "ENG"]
[BlackCountry "INT"]
[WhiteElo "1989"]
[WhiteRD "70"]
[BlackElo "2282"]
[BlackRD "81"]
[GameID "207088"]

1. e4 c5 2. Nf3 d6 3. d4 cxd4 4. Nxd4 Nf6 5. Nc3 a6 6. Bg5 e6 7. f4 Qb6 8. Qd2 Qxb2 9. Rb1 Qa3 10. e5 dxe5
11. fxe5 Nfd7 12. Ndb5 axb5 13. Nxb5 Qc5 14. Be3 Qxe5 15. Be2 Rxa2 16. Bf4 Qe4 17. Rc1 Qxg2 18. Nc7+ Kd8 19. Rf1 Nc6 20. Bd6 Bxd6
21. Qxd6 Qg5 22. Kd1 Ra4 23. c4 Ra2 24. Nb5 Ne5 25. Qc7+ Ke8 26. Qd6 Qg2 27. Nc3 Rxe2 28. Nxe2 Qxf1+ 29. Kd2
1-0

[Event "Sicilian Najdorf"]
[Site "SchemingMind.com"]
[Date "2009.06.03"]
[Round "-"]
[White "_keyes"]
[Black "joopsim"]
[Result "0-1"]
[WhiteCountry "ENG"]
[BlackCountry "NED"]
[WhiteElo "2022"]
[WhiteRD "72"]
[BlackElo "2352"]
[BlackRD "78"]
[GameID "207089"]

1. e4 c5 2. Nf3 d6 3. d4 cxd4 4. Nxd4 Nf6 5. Nc3 a6 6. Bg5 e6 7. f4 Be7 8. Qf3 Qc7 9. O-O-O Nbd7 10. g4 b5
11. Bxf6 Nxf6 12. g5 Nd7 13. a3 Rb8 14. Bd3 b4 15. axb4 Rxb4 16. Nb3 Nc5 17. Nxc5 Qxc5 18. h4 Bd8 19. f5 Qe5 20. fxe6 Bxe6
21. Bxa6 O-O 22. Qd3 Bb6 23. Bb5 Ra8 24. b3 Bxb3 25. cxb3 Rxb3 26. Kd2 Rxc3 27. Qxc3 Ra2+
0-1

[Event "Sicilian Najdorf"]
[Site "SchemingMind.com"]
[Date "2009.06.08"]
[Round "-"]
[White "_keyes"]
[Black "badbishop"]
[Result "0-1"]
[WhiteCountry "ENG"]
[BlackCountry "POL"]
[WhiteElo "2022"]
[WhiteRD "72"]
[BlackElo "2287"]
[BlackRD "80"]
[GameID "207090"]

1. e4 c5 2. Nf3 d6 3. d4 cxd4 4. Nxd4 Nf6 5. Nc3 a6 6. Bg5 e6 7. f4 Nc6 8. Nxc6 bxc6 9. e5 h6 10. Bh4 g5
11. fxg5 Nd5 12. Ne4 Qb6 13. Nf6+ Nxf6 14. exf6 Qb4+
0-1

[Event "Sicilian Najdorf"]
[Site "SchemingMind.com"]
[Date "2009.06.03"]
[Round "-"]
[White "_keyes"]
[Black "kiraly"]
[Result "0-1"]
[WhiteCountry "ENG"]
[BlackCountry "INT"]
[WhiteElo "2022"]
[WhiteRD "72"]
[BlackElo "2342"]
[BlackRD "88"]
[GameID "207091"]

1. e4 c5 2. Nf3 d6 3. d4 cxd4 4. Nxd4 Nf6 5. Nc3 a6 6. Bg5 Nc6 7. Nxc6 bxc6 8. Bxf6 gxf6 9. Bc4 h5 10. O-O Qa5
11. Bb3 Bd7 12. Qe2 h4 13. Qc4 e6 14. f4 h3 15. g3 d5 16. exd5 cxd5 17. Qe2 Bc6 18. Rfd1 Bb5 19. Nxb5 Qxb5 20. Qxb5+ axb5
21. Kf2 b4 22. Rd3 f5 23. Re1 Kd7 24. c4 bxc3 25. bxc3 Kc6 26. c4 d4 27. Kf3 Bc5 28. Re2= Kd6 29. Rd1 Rhg8 30. Rd3 f6
31. Rd1 e5 32. fxe5+ fxe5 33. Ree1 e4+ 34. Ke2 f4 35. Rf1 d3+ 36. Kd2 fxg3 37. hxg3 Rxg3 38. Rh1 Rg2+ 39. Kc1 h2 40. Kb1 Ke5
41. Kc1 Ba3+ 42. Kb1 Rag8 43. c5 Rg1 44. Bxg8 Rxd1+ 45. Rxd1 e3 46. Bc4 e2 47. Rh1 Bb4
0-1

[Event "Sicilian Najdorf"]
[Site "SchemingMind.com"]
[Date "2009.06.08"]
[Round "-"]
[White "_keyes"]
[Black "goodknight"]
[Result "0-1"]
[WhiteCountry "ENG"]
[BlackCountry "POL"]
[WhiteElo "2012"]
[WhiteRD "73"]
[BlackElo "2236"]
[BlackRD "70"]
[GameID "207092"]

1. e4 c5 2. Nf3 d6 3. d4 cxd4 4. Nxd4 Nf6 5. Nc3 a6 6. Bg5 e6 7. f4 Be7 8. Qf3 Qc7 9. O-O-O Nbd7 10. g4 b5
11. a3 Rb8 12. Bxf6 Nxf6 13. g5 Nd7 14. Bh3 Nc5 15. b4 Na4 16. Nxa4 bxa4 17. Bf1 O-O 18. Bd3 Qc3 19. Be2 Qa1+ 20. Kd2 Qxd4+
21. Ke1 Qb2 22. Bd3 Qxa3 23. e5 Qxb4+ 24. Ke2 Bb7 25. Qh3 Be4 26. Rhg1 Bxd3+ 27. Rxd3 Qxf4 28. exd6 Bxd6 29. Rg2 Qe4+
0-1

[Event "Sicilian Najdorf"]
[Site "SchemingMind.com"]
[Date "2009.06.08"]
[Round "-"]
[White "griffimv"]
[Black "_keyes"]
[Result "0-1"]
[WhiteCountry "INT"]
[BlackCountry "ENG"]
[WhiteElo "2282"]
[WhiteRD "81"]
[BlackElo "1989"]
[BlackRD "70"]
[GameID "207093"]

1. e4 c5 2. Nf3 d6 3. d4 cxd4 4. Nxd4 Nf6 5. Nc3 a6 6. Be3 e5 7. Nb3 Be6 8. f3 Be7 9. Qd2 Nbd7 10. g4 Rc8
11. O-O-O Qc7 12. Kb1 O-O 13. h4 b5 14. h5 Rfd8 15. g5 Ne8 16. h6 g6 17. Qf2 Ra8 18. f4 exf4 19. Bxf4 Ne5 20. Nd5 Bxd5
21. exd5 Rdc8 22. Bh3 Rcb8 23. Nd4 Rb6 24. Rhf1 Bf8 25. Ne6 Qb7
0-1

[Event "Sicilian Najdorf"]
[Site "SchemingMind.com"]
[Date "2009.06.03"]
[Round "-"]
[White "joopsim"]
[Black "_keyes"]
[Result "1-0"]
[WhiteCountry "NED"]
[BlackCountry "ENG"]
[WhiteElo "2352"]
[WhiteRD "78"]
[BlackElo "2022"]
[BlackRD "72"]
[GameID "207094"]

1. e4 c5 2. Nf3 d6 3. d4 cxd4 4. Nxd4 Nf6 5. Nc3 a6 6. Rg1 e5 7. Nb3 Be6 8. g4 Be7 9. g5 Nfd7 10. Be3 Nc6
11. Nd5 Bxd5 12. exd5 Na5 13. Nd2 b5 14. Qh5 g6 15. Qh6 Bf8 16. Qh3 Bg7 17. O-O-O Rc8 18. Ne4 Qc7 19. c3 Nb7 20. f4 Nbc5
21. Bxc5 dxc5 22. d6 Qa7 23. Nf6+ Kd8 24. fxe5 Bxf6 25. gxf6 Nf8 26. Qh6 Ne6 27. d7 Rb8 28. Bh3 Qb6 29. Rd6 Qc7 30. Rxe6 fxe6
31. Qg7
1-0

[Event "Sicilian Najdorf"]
[Site "SchemingMind.com"]
[Date "2009.06.08"]
[Round "-"]
[White "badbishop"]
[Black "_keyes"]
[Result "1-0"]
[WhiteCountry "POL"]
[BlackCountry "ENG"]
[WhiteElo "2248"]
[WhiteRD "76"]
[BlackElo "2012"]
[BlackRD "73"]
[GameID "207095"]

1. e4 c5 2. Nf3 d6 3. d4 cxd4 4. Nxd4 Nf6 5. Nc3 a6 6. f4 e5 7. Nf3 Qc7 8. Bd3 Be6 9. O-O h6 10. f5 Bc4
11. Qe2 Bxd3 12. cxd3 Be7 13. Be3 Ng4 14. Nd5 Qd8 15. Bb6 Qd7 16. Nc7+
1-0